<?xml version="1.0" encoding="UTF-8"?>
<record
    xmlns:xsi="http://www.w3.org/2001/XMLSchema-instance"
    xsi:schemaLocation="http://www.loc.gov/MARC21/slim http://www.loc.gov/standards/marcxml/schema/MARC21slim.xsd"
    xmlns="http://www.loc.gov/MARC21/slim">

  <leader>01184cam a22002655a 4500</leader>
  <datafield tag="999" ind1=" " ind2=" ">
    <subfield code="c">15933</subfield>
    <subfield code="d">15933</subfield>
  </datafield>
  <controlfield tag="003">EG-ScBUE</controlfield>
  <controlfield tag="005">20190730143103.0</controlfield>
  <controlfield tag="008">110828s1984    ua ||||gr||| 00|10 aaradd</controlfield>
  <datafield tag="017" ind1=" " ind2=" ">
    <subfield code="a">84/2731</subfield>
  </datafield>
  <datafield tag="040" ind1=" " ind2=" ">
    <subfield code="a">EG- ScBUE</subfield>
    <subfield code="b">EG- ScBUE</subfield>
    <subfield code="c">EG- ScBUE</subfield>
  </datafield>
  <datafield tag="082" ind1=" " ind2=" ">
    <subfield code="2">22</subfield>
    <subfield code="a">338.76</subfield>
    <subfield code="b">&#x625; &#x64A; &#x641;</subfield>
  </datafield>
  <datafield tag="100" ind1="1" ind2=" ">
    <subfield code="9">26948</subfield>
    <subfield code="a">&#x625;&#x64A;&#x641;&#x627;&#x634;&#x64A;&#x641;&#x627;&#x60C; &#x641;&#x627;&#x644;&#x64A;&#x646;&#x62A;&#x64A;&#x646;&#x627;.</subfield>
  </datafield>
  <datafield tag="245" ind1="1" ind2="2">
    <subfield code="a">&#x641;&#x649; &#x635;&#x62D;&#x628;&#x629; &#x627;&#x644;&#x639;&#x645;&#x627;&#x644;&#x642;&#x629; :</subfield>
    <subfield code="b">&#x642;&#x635;&#x635; &#x646;&#x62C;&#x627;&#x62D; &#x623;&#x639;&#x638;&#x645; &#x645;&#x624;&#x633;&#x633;&#x649; &#x634;&#x631;&#x643;&#x627;&#x62A; &#x627;&#x644;&#x643;&#x645;&#x628;&#x64A;&#x648;&#x62A;&#x631; &#x641;&#x649; &#x627;&#x644;&#x639;&#x627;&#x644;&#x645; /</subfield>
    <subfield code="c">&#x628;&#x642;&#x644;&#x645; &#x62C;&#x627;&#x62C;&#x631; &#x623;&#x648;&#x631;&#x62A;&#x64A;&#x632; &#x61B; &#x62A;&#x631;&#x62C;&#x645;&#x629; &#x644;&#x64A;&#x644;&#x649; &#x632;&#x64A;&#x62F;&#x627;&#x646; &#x61B; &#x645;&#x631;&#x627;&#x62C;&#x639;&#x629; &#x641;&#x627;&#x64A;&#x632;&#x629; &#x62D;&#x643;&#x64A;&#x645;</subfield>
  </datafield>
  <datafield tag="260" ind1=" " ind2=" ">
    <subfield code="a">&#x627;&#x644;&#x642;&#x627;&#x647;&#x631;&#x629; :</subfield>
    <subfield code="b">&#x627;&#x644;&#x62F;&#x627;&#x631; &#x627;&#x644;&#x62F;&#x648;&#x644;&#x64A;&#x629; &#x644;&#x644;&#x627;&#x633;&#x62A;&#x62B;&#x645;&#x627;&#x631;&#x627;&#x62A; &#x627;&#x644;&#x62B;&#x642;&#x627;&#x641;&#x64A;&#x629; &#x60C;</subfield>
    <subfield code="c">2001.</subfield>
  </datafield>
  <datafield tag="300" ind1=" " ind2=" ">
    <subfield code="a">363 &#x635; &#x61B;</subfield>
    <subfield code="c">24 &#x633;&#x645;.</subfield>
  </datafield>
  <datafield tag="650" ind1=" " ind2="0">
    <subfield code="9">26949</subfield>
    <subfield code="a">&#x627;&#x644;&#x634;&#x631;&#x643;&#x627;&#x62A; &#x627;&#x644;&#x62F;&#x648;&#x644;&#x64A;&#x629;</subfield>
    <subfield code="2">BUEsh</subfield>
  </datafield>
  <datafield tag="650" ind1=" " ind2="0">
    <subfield code="9">26950</subfield>
    <subfield code="a">&#x627;&#x644;&#x634;&#x631;&#x643;&#x627;&#x62A; &#x627;&#x644;&#x625;&#x633;&#x62A;&#x62B;&#x645;&#x627;&#x631;&#x64A;&#x629;</subfield>
    <subfield code="2">BUEsh</subfield>
  </datafield>
  <datafield tag="650" ind1=" " ind2="0">
    <subfield code="9">26951</subfield>
    <subfield code="a">&#x627;&#x644;&#x62D;&#x633;&#x627;&#x628;&#x627;&#x62A; &#x627;&#x644;&#x627;&#x644;&#x643;&#x62A;&#x631;&#x648;&#x646;&#x64A;&#x629;</subfield>
    <subfield code="x">&#x62A;&#x646;&#x638;&#x64A;&#x645; &#x648;&#x625;&#x62F;&#x627;&#x631;&#x629;</subfield>
    <subfield code="2">BUEsh</subfield>
  </datafield>
  <datafield tag="651" ind1=" " ind2=" ">
    <subfield code="2">BUEsh</subfield>
  </datafield>
  <datafield tag="653" ind1=" " ind2=" ">
    <subfield code="c">August2011</subfield>
  </datafield>
  <datafield tag="700" ind1="1" ind2=" ">
    <subfield code="9">26947</subfield>
    <subfield code="a">&#x623;&#x648;&#x631;&#x62A;&#x64A;&#x632; &#x60C; &#x62C;&#x627;&#x62C;&#x631;</subfield>
    <subfield code="e">&#x628;&#x642;&#x644;&#x645;</subfield>
  </datafield>
  <datafield tag="700" ind1="1" ind2=" ">
    <subfield code="9">26952</subfield>
    <subfield code="a">&#x632;&#x64A;&#x62F;&#x627;&#x646; &#x60C; &#x644;&#x64A;&#x644;&#x649;</subfield>
    <subfield code="e">&#x62A;&#x631;&#x62C;&#x645;&#x629;</subfield>
  </datafield>
  <datafield tag="700" ind1="1" ind2=" ">
    <subfield code="9">16084</subfield>
    <subfield code="a">&#x62D;&#x643;&#x64A;&#x645;&#x60C; &#x641;&#x627;&#x64A;&#x632;&#x629;</subfield>
    <subfield code="e">&#x645;&#x631;&#x627;&#x62C;&#x639;&#x629;</subfield>
  </datafield>
  <datafield tag="942" ind1=" " ind2=" ">
    <subfield code="2">ddc</subfield>
    <subfield code="c">BB</subfield>
  </datafield>
  <datafield tag="952" ind1=" " ind2=" ">
    <subfield code="0">0</subfield>
    <subfield code="1">0</subfield>
    <subfield code="2">ddc</subfield>
    <subfield code="4">0</subfield>
    <subfield code="7">0</subfield>
    <subfield code="8">Alef-Baa</subfield>
    <subfield code="a">MAIN</subfield>
    <subfield code="b">MAIN</subfield>
    <subfield code="c">1ST</subfield>
    <subfield code="d">2011-08-28</subfield>
    <subfield code="e">purchase</subfield>
    <subfield code="o">338.76 &#x623; &#x648; &#x631;</subfield>
    <subfield code="p">000024628</subfield>
    <subfield code="r">2025-07-15 00:00:00</subfield>
    <subfield code="y">BB</subfield>
  </datafield>
</record>
